| 000 | 01192nam a22002297a 4500 | ||
|---|---|---|---|
| 999 |
_c21700 _d21700 |
||
| 003 | AR-CdUCM | ||
| 008 | 190425b ||||| |||| 00| 0 spa d | ||
| 040 |
_aMUNICIPALIDAD PROVINCIAL DEL CUSCO _cBIBLIOTECA MUNICIPAL DEL CUSCO |
||
| 082 |
_aRev.Univ/N°28/1919 _bRev.Univ/N°28/1919 |
||
| 110 |
_aUniversidad Nacional de San Antonio Abad del Cusco _915942 |
||
| 245 |
_aRevista Universitaria : _bÓrgano de la Universidad del Cuzco / |
||
| 260 |
_aCusco : _bEl Trabajo, _cjunio,1919. |
||
| 300 |
_a110 páginas. : _c20 cm. |
||
| 440 |
_aRevista Universitaria _nAño VIII, junio 1919, N°28 _945808 |
||
| 505 | _aContenido: Contribución a la flora del departamento del Cuzco. Fortunato L. Herrera. -- El Dr. Palacios en la Universidad del Cuzco. Discurso de ofrecimiento por el Br. José Ignacio Ferro. Discurso de orden por el catedrático de letras José Gabriel Cosio. La palabra del Dr. Palacios. Versos quechuas por el señor José F.Silva. Programa de la fiesta. | ||
| 650 |
_aBotánica cusqueña _945807 |
||
| 650 |
_aFlora cusqueña _931363 |
||
| 650 |
_aSiglo XX _945802 |
||
| 710 |
_aUniversidad Nacional de San Antonio Abad del Cusco _915942 |
||
| 942 |
_2ddc _cPP |
||
| 945 | _arac | ||